[Event "Helsingor Xtracon op"]
[Site "Helsingor"]
[Date "2018.07.29"]
[Round "10"]
[White "Gabrielsen, Rasmus Arvola"]
[Black "Naesborg, Jens Ole"]
[Result "1/2-1/2"]
[WhiteElo "1546"]
[BlackElo "1866"]
[PlyCount "69"]
[EventDate "2018.07.21"]
[EventType "swiss"]
[EventRounds "10"]
[EventCountry "DEN"]
[SourceTitle "CBM 185 Extra"]
[Source "ChessBase"]
[SourceDate "2018.07.29"]
[SourceVersion "1"]
[SourceVersionDate "2018.07.29"]
[SourceQuality "1"]

1. e4 Nc6 2. Nf3 e5 3. d4 exd4 4. Bc4 Qe7 5. 0-0 d6 6. Nxd4 Ne5 7. Be2 Bd7 8. Nc3 c6 9. Be3 Nf6 10. Nf3 Nxf3+ 11. Bxf3 Be6 12. a4 Qc7 13. Re1 Be7 14. a5 0-0 15. a6 b6 16. Bf4 Rad8 17. e5 dxe5 18. Bxe5 Qc8 19. Qe2 Nd7 20. Bg3 Rfe8 21. Qf1 Bb4 22. Red1 b5 23. Be2 Bxc3 24. bxc3 Bd5 25. c4 bxc4 26. Bxc4 Nb6 27. Bd3 Qg4 28. h3 Qg5 29. Re1 Nd7 30. Rxe8+ Rxe8 31. Rb1 Nc5 32. Rb7 f5 33. Rb8 Rxb8 34. Bxb8 Nxd3 35. cxd3 1/2-1/2

[Event "Helsingor Xtracon op"]
[Site "Helsingor"]
[Date "2018.07.23"]
[Round "4"]
[White "Gabrielsen, Rasmus Arvola"]
[Black "Ufnarovski, Victor"]
[Result "0-1"]
[WhiteElo "1546"]
[BlackElo "1854"]
[PlyCount "64"]
[EventDate "2018.07.21"]
[EventType "swiss"]
[EventRounds "10"]
[EventCountry "DEN"]
[SourceTitle "CBM 185 Extra"]
[Source "ChessBase"]
[SourceDate "2018.07.29"]
[SourceVersion "1"]
[SourceVersionDate "2018.07.29"]
[SourceQuality "1"]

1. d4 d5 2. c4 e6 3. Nc3 c5 4. cxd5 cxd4 5. Qxd4 Nc6 6. Qd1 exd5 7. Qxd5 Bd7 8. a3 Nf6 9. Qd1 Bc5 10. Nf3 Qe7 11. e3 0-0-0 12. Be2 Bh3 13. Qc2 Bxg2 14. Rg1 Bxf3 15. Qf5+ Rd7 16. Qxf3 Rhd8 17. Kf1 Qe6 18. Kg2 g5 19. Kf1 g4 20. Qg2 Ne5 21. b4 Bb6 22. Rb1 Nf3 23. Rh1 Qe5 24. Bxf3 gxf3 25. Qxf3 Qxc3 26. Bb2 Qd3+ 27. Kg2 Rg8+ 28. Kh3 Ne8 29. Rbc1+ Bc7 30. Rhd1 Qg6 31. Qf4 Qh5+ 32. Qh4 Qf5+ 0-1

[Event "Helsingor Xtracon op"]
[Site "Helsingor"]
[Date "2018.07.22"]
[Round "2"]
[White "Gabrielsen, Rasmus Arvola"]
[Black "Hjornevik, Knut Jarle"]
[Result "0-1"]
[WhiteElo "1546"]
[BlackElo "1860"]
[PlyCount "108"]
[EventDate "2018.07.21"]
[EventType "swiss"]
[EventRounds "10"]
[EventCountry "DEN"]
[SourceTitle "CBM 185 Extra"]
[Source "ChessBase"]
[SourceDate "2018.07.29"]
[SourceVersion "1"]
[SourceVersionDate "2018.07.29"]
[SourceQuality "1"]

1. e4 e6 2. d4 d5 3. Nd2 Nf6 4. e5 Nfd7 5. Bd3 c5 6. c3 Nc6 7. Ne2 cxd4 8. cxd4 f6 9. exf6 Nxf6 10. 0-0 Bd6 11. Nf3 0-0 12. h3 Nh5 13. Be3 Rxf3 14. gxf3 Qh4 15. Kg2 e5 16. Rh1 Be6 17. Qd2 h6 18. Ng3 exd4 19. Nxh5 dxe3 20. Qxe3 Re8 21. Ng3 Bf4 22. Qe2 Bxg3 23. fxg3 Bxh3+ 24. Rxh3 Rxe2+ 25. Bxe2 Qf6 26. Rb1 Nd4 27. Re1 Qe6 28. Rhh1 Nc2 29. b3 Nxe1+ 30. Rxe1 a6 31. g4 Qe5 32. Kf1 Qb2 33. Bd3 Kf7 34. Bf5 Kf6 35. Be6 d4 36. Bc4 b5 37. Bd5 Kg5 38. Re2 Qc1+ 39. Kf2 Qc7 40. Kg2 d3 41. Rf2 Kf4 42. Be4 Qc3 43. Bxd3 Qxd3 44. Kh3 b4 45. Kg2 Qe3 46. Rf1 Qe2+ 47. Rf2 Qe1 48. Rf1 Qxf1+ 49. Kxf1 Kxf3 50. Ke1 Kxg4 51. Kd2 h5 52. Kd3 h4 53. Kc4 h3 54. Kxb4 h2 0-1

[Event "Oslo op"]
[Site "Fornebu"]
[Date "2017.10.03"]
[Round "6"]
[White "Gabrielsen, Rasmus Arvola"]
[Black "Omtvedt, Per"]
[Result "1/2-1/2"]
[WhiteElo "1612"]
[BlackElo "1880"]
[PlyCount "36"]
[EventDate "2017.09.29"]
[EventType "swiss"]
[EventRounds "10"]
[EventCountry "NOR"]
[SourceTitle "CBM 181 Extra"]
[Source "ChessBase"]
[SourceDate "2017.12.12"]
[SourceVersion "1"]
[SourceVersionDate "2017.12.12"]
[SourceQuality "1"]

1. e4 Nf6 2. e5 Nd5 3. d4 d6 4. Nf3 dxe5 5. Nxe5 c6 6. Be2 Nd7 7. Nf3 N7f6 8. 0-0 g6 9. c3 Bg7 10. Bg5 0-0 11. Qc1 Bf5 12. Bh6 Qd6 13. Bxg7 Kxg7 14. Nbd2 Nf4 15. Qd1 Nxe2+ 16. Qxe2 Bg4 17. h3 Bxf3 18. Nxf3 e6 1/2-1/2

[Event "Oslo op"]
[Site "Fornebu"]
[Date "2017.09.30"]
[Round "2"]
[White "Gabrielsen, Rasmus Arvola"]
[Black "Holand, Per Fredrik"]
[Result "0-1"]
[WhiteElo "1612"]
[BlackElo "1866"]
[PlyCount "86"]
[EventDate "2017.09.29"]
[EventType "swiss"]
[EventRounds "10"]
[EventCountry "NOR"]
[SourceTitle "CBM 181 Extra"]
[Source "ChessBase"]
[SourceDate "2017.12.12"]
[SourceVersion "1"]
[SourceVersionDate "2017.12.12"]
[SourceQuality "1"]

1. e4 c5 2. Nf3 Nc6 3. d4 cxd4 4. Nxd4 Nf6 5. Nc3 e5 6. Nxc6 bxc6 7. Bd3 Bb4 8. Bd2 0-0 9. 0-0 d5 10. Re1 Re8 11. Nxd5 Nxd5 12. exd5 Bxd2 13. Qxd2 cxd5 14. Rad1 Qb6 15. b3 Bg4 16. Be2 Bxe2 17. Qxe2 Rad8 18. Qh5 g6 19. Qh6 f5 20. Qe3 d4 21. Qd3 Qc5 22. c4 e4 23. Qe2 a5 24. h3 f4 25. Qg4 Qf5 26. Qxf5 gxf5 27. Kf1 d3 28. g3 fxg3 29. fxg3 e3 30. Kg2 e2 31. Rd2 Kg7 32. Kf3 Re4 33. a3 Kf6 34. b4 axb4 35. axb4 Rxc4 36. b5 Rc2 37. Ke3 Rxd2 38. Kxd2 Ke5 39. b6 Ke4 40. b7 Kf3 41. b8Q Rxb8 42. Kxd3 Rd8+ 43. Kc2 Kf2 0-1

[Event "Barcelona Sant Marti op-B 19th"]
[Site "Barcelona"]
[Date "2017.07.16"]
[Round "4"]
[White "Gabrielsen, Rasmus Arvola"]
[Black "Carrey Abellan, Enric"]
[Result "0-1"]
[WhiteElo "1599"]
[BlackElo "1931"]
[PlyCount "114"]
[EventDate "2017.07.13"]
[EventType "swiss"]
[EventRounds "9"]
[EventCountry "ESP"]
[SourceTitle "EXT 2018"]
[Source "ChessBase"]
[SourceDate "2017.10.13"]
[SourceVersion "1"]
[SourceVersionDate "2017.10.13"]
[SourceQuality "1"]

1. e4 c5 2. Nf3 e6 3. d4 cxd4 4. Nxd4 a6 5. Nc3 Qc7 6. Be2 b5 7. a3 Bb7 8. Bf3 Nf6 9. 0-0 d6 10. Re1 Be7 11. e5 dxe5 12. Bxb7 Qxb7 13. Qf3 Qxf3 14. Nxf3 0-0 15. Nxe5 Rd8 16. Be3 Nbd7 17. Nxd7 Rxd7 18. Rad1 Rc7 19. Bd4 h6 20. Re2 Rac8 21. Be5 Rc6 22. Red2 Ng4 23. Bd6 Bf6 24. Bb4 Rc4 25. h3 Ne5 26. Kf1 Nc6 27. b3 Rxc3 28. Bxc3 Bxc3 29. Re2 Nd4 30. Re3 Nxc2 31. Red3 Nxa3 32. Rc1 b4 33. Rd6 Ra8 34. f3 Nb5 35. Rc6 e5 36. Rd1 Nd4 37. Rc7 Nxb3 38. Rdd7 Rf8 39. Ra7 a5 40. Ke2 Nc5 41. Rd5 Nb3 42. Rdd7 g5 43. Kd1 Kg7 44. Kc2 Nd4+ 45. Kb1 b3 46. Rac7 Bb4 47. Rb7 Kg6 48. Rb6+ f6 49. Rbb7 Rg8 50. Kb2 h5 51. g4 Nxf3 52. gxh5+ Kxh5 53. Rb6 Kg6 54. Kxb3 Kf5 55. Rf7 Rg6 56. Ka4 e4 57. Rd7 e3 0-1

[Event "Barcelona Sant Marti op-B 19th"]
[Site "Barcelona"]
[Date "2017.07.15"]
[Round "3"]
[White "Alabart Paytubi, Josep"]
[Black "Gabrielsen, Rasmus Arvola"]
[Result "0-1"]
[WhiteElo "1347"]
[BlackElo "1599"]
[PlyCount "62"]
[EventDate "2017.07.13"]
[EventType "swiss"]
[EventRounds "9"]
[EventCountry "ESP"]
[SourceTitle "EXT 2018"]
[Source "ChessBase"]
[SourceDate "2017.10.13"]
[SourceVersion "1"]
[SourceVersionDate "2017.10.13"]
[SourceQuality "1"]

1. e4 c5 2. d3 g6 3. g3 Bg7 4. Bg2 Nc6 5. Nc3 Nf6 6. Nf3 d6 7. Be3 0-0 8. Qd2 Bg4 9. Bh6 Qd7 10. Bxg7 Kxg7 11. h3 Be6 12. Ne2 Qc7 13. Nh2 Qb6 14. b3 a5 15. Ng4 Bxg4 16. hxg4 Nxg4 17. Bf3 Nce5 18. Bxg4 Nxg4 19. Nf4 e6 20. Ke2 Qb4 21. Nh5+ gxh5 22. Qg5+ Kh8 23. Qxh5 Nf6 24. Qh6 Qc3 25. Kf3 d5 26. Rae1 dxe4+ 27. Rxe4 Rg8 28. Reh4 Rg6 29. Qxh7+ Nxh7 30. Rxh7+ Kg8 31. Rh8+ Qxh8 0-1

[Event "Fagernes TV2 Elo op"]
[Site "Fagernes"]
[Date "2017.04.13"]
[Round "6"]
[White "Gabrielsen, Rasmus Arvola"]
[Black "Edakina, Anastasia"]
[Result "1-0"]
[WhiteElo "1484"]
[BlackElo "1735"]
[PlyCount "59"]
[EventDate "2017.04.09"]
[EventType "swiss"]
[EventRounds "9"]
[EventCountry "NOR"]
[SourceTitle "CBM 177 Extra"]
[Source "ChessBase"]
[SourceDate "2017.04.27"]
[SourceVersion "1"]
[SourceVersionDate "2017.04.27"]
[SourceQuality "1"]

1. e4 c5 2. Nf3 d6 3. d4 cxd4 4. Nxd4 Nf6 5. Nc3 a6 6. Bg5 e6 7. f4 Be7 8. Qf3 Nc6 9. 0-0-0 Qc7 10. h3 0-0 11. g4 Rd8 12. h4 d5 13. e5 Ne8 14. Bxe7 Qxe7 15. g5 Bd7 16. Qh3 Nxd4 17. Rxd4 Qc5 18. Rd1 b5 19. Bd3 b4 20. Nb1 a5 21. h5 Bb5 22. Bxh7+ Kxh7 23. g6+ Kg8 24. h6 Qf8 25. Rdg1 f5 26. exf6 Qxf6 27. hxg7 Qxg7 28. Qxe6+ Kf8 29. Rh8+ Qxh8 30. Qf7# 1-0

[Event "Oslo op"]
[Site "Fornebu"]
[Date "2016.09.30"]
[Round "9"]
[White "Gabrielsen, Rasmus Arvola"]
[Black "Svanholm, Borge Waaktaar"]
[Result "1/2-1/2"]
[WhiteElo "1476"]
[BlackElo "1809"]
[PlyCount "159"]
[EventDate "2016.09.30"]
[EventType "swiss"]
[EventRounds "9"]
[EventCountry "NOR"]
[SourceTitle "EXT 2018"]
[Source "ChessBase"]
[SourceDate "2017.10.13"]
[SourceVersion "1"]
[SourceVersionDate "2017.10.13"]
[SourceQuality "1"]

1. e4 e6 2. d4 d5 3. Nd2 Nf6 4. e5 Nfd7 5. Ngf3 c5 6. c3 Nc6 7. Be2 Be7 8. 0-0 0-0 9. Re1 cxd4 10. cxd4 Qb6 11. Nb3 a5 12. Rb1 f6 13. exf6 Nxf6 14. Na1 Bd7 15. Nc2 Bd6 16. Bf1 Qc7 17. g3 Rae8 18. Bg2 Re7 19. Bg5 Be8 20. Re2 Bh5 21. Qe1 Nd8 22. Qc3 h6 23. Bxf6 Rxf6 24. Re3 Ref7 25. Qxc7 Rxc7 26. Nce1 Bg6 27. Rd1 Rf8 28. Rc3 Rff7 29. Rdc1 Rxc3 30. Rxc3 Rc7 31. Rxc7 Bxc7 32. Kf1 Nc6 33. Ke2 Bb6 34. Bh3 Kf7 35. Ne5+ Nxe5 36. dxe5 Bd4 37. Nd3 Bxd3+ 38. Kxd3 Bxe5 39. b3 g5 40. Bg4 Ke7 41. Bf3 Bc7 42. Bg2 Bb6 43. f3 Kd6 44. Bf1 e5 45. h3 Bf2 46. g4 Kc5 47. a3 Bg3 48. Kc3 Be1+ 49. Kd3 Bg3 50. Kc3 Bf4 51. b4+ axb4+ 52. axb4+ Kc6 53. Bd3 Bg3 54. Kd2 b6 55. Ke2 Bf4 56. Kd1 e4 57. fxe4 dxe4 58. Bxe4+ Kb5 59. Kc2 Kxb4 60. Kd3 Kc5 61. Kc3 b5 62. Kb3 Kd4 63. Bf5 Ke3 64. Kb4 Kf3 65. Kxb5 Kg3 66. Kc4 Kxh3 67. Kd3 Kg3 68. Ke2 Bc1 69. Bd7 Kf4 70. Bc8 Bb2 71. Bd7 Be5 72. Bc8 Bd4 73. Bd7 Bc5 74. Bc8 Ba3 75. Bd7 Bc1 76. Bc8 Bb2 77. Bd7 Kg3 78. Bc8 Kh4 79. Kf3 Bc1 80. Bd7 1/2-1/2